000 00303nam a2200133Ia 4500
005 20251222144741.0
008 251222s9999||||xx |||||||||||||| ||spa||
082 _a378.85/G16
100 _aGálvez, José
245 0 _aNuestra Pequeña Historia
250 _a1ra.ed.
264 _bUNMSM
942 _cLIB
999 _c18948
_d18948